QUEST Central Library Banner

A Textbook of Electrical Technology: vol 4 electronic devices and circuits (Record no. 6828)

MARC details
000 -LEADER
fixed length control field 00704nam a2200241 a 4500
020 ## - INTERNATIONAL STANDARD BOOK NUMBER
ISBN 9788121926676
082 ## - DEWEY DECIMAL CLASSIFICATION NUMBER
Classification number 621.31THE
100 1# - MAIN ENTRY--AUTHOR NAME
Personal name Theraja, B. L.
245 12 - TITLE STATEMENT
Title A Textbook of Electrical Technology: vol 4 electronic devices and circuits
250 ## - EDITION STATEMENT
Edition statement Vol : IV
260 ## - PUBLICATION, DISTRIBUTION, ETC. (IMPRINT)
Place of publication New Delhi
Name of publisher S Chand & Co Ltd,
Year of publication 1999.
300 ## - PHYSICAL DESCRIPTION
Number of Pages 2736p. ;
520 ## - SUMMARY, ETC.
Summary, etc International edition.
650 ## - SUBJECT ADDED ENTRY--TOPICAL TERM
Topical Term Electrical engineering
650 ## - SUBJECT ADDED ENTRY--TOPICAL TERM
Topical Term Electric power distribution
650 ## - SUBJECT ADDED ENTRY--TOPICAL TERM
Topical Term Electric power transmission
650 ## - SUBJECT ADDED ENTRY--TOPICAL TERM
Topical Term Electric power systems
650 ## - SUBJECT ADDED ENTRY--TOPICAL TERM
Topical Term Electronics
650 ## - SUBJECT ADDED ENTRY--TOPICAL TERM
Topical Term Electricity
700 1# - ADDED ENTRY--PERSONAL NAME
Personal name Theraja, A. K.
856 40 - ELECTRONIC LOCATION AND ACCESS
Uniform Resource Identifier http://10.10.170.122:8080/browse/book/2708
942 ## - ADDED ENTRY ELEMENTS (KOHA)
Koha item type Books
Holdings
Withdrawn status Lost status Home library Current library Date acquired Cost, normal purchase price Full call number Accession Number Koha item type
    Central Library, QUEST, Nawabshah Central Library, QUEST, Nawabshah 11/08/2017 1052.00 621.31THE 55230 Books
    Central Library, QUEST, Nawabshah Central Library, QUEST, Nawabshah 11/08/2017 1052.00 621.31THE 55231 Books
    Central Library, QUEST, Nawabshah Central Library, QUEST, Nawabshah 11/08/2017 1052.00 621.31THE 55232 Books
    Central Library, QUEST, Nawabshah Central Library, QUEST, Nawabshah 11/08/2017 1052.00 621.31THE 55233 Books
    Central Library, QUEST, Nawabshah Seminar Library, Electronic Engg. 16/06/2014 990.00 621.31THE 44195 Books

Copyright © 2018,The QUEST, Nawabshah, Shaheed Benazirabad. All rights reserved
Mr. G. Farooq Channar (Librarian) QUEST, Nawabshah, Sindh, Pakistan 67480.
 Ph#: |   0244-9370381-4 Ext. 2308   Email| lib@quest.edu.pk   Web|  http://www.quest.edu.pk